IFM Opac

Frank Wood's Business Accounting: An Introduction to Financial Accounting (Record no. 22109)

MARC details
000 -LEADER
fixed length control field 00431nam a22001577a 4500
020 ## - INTERNATIONAL STANDARD BOOK NUMBER
ISBN 978-1-292-36543-5
082 ## - DEWEY DECIMAL CLASSIFICATION NUMBER
Classification number 657
100 ## - MAIN ENTRY--AUTHOR NAME
Personal name Sangster, Alan
245 ## - TITLE STATEMENT
Title Frank Wood's Business Accounting: An Introduction to Financial Accounting
250 ## - EDITION STATEMENT
Edition statement 15th
260 ## - PUBLICATION, DISTRIBUTION, ETC. (IMPRINT)
Place of publication Harlow:
Name of publisher Pearson Education,
Year of publication 2021
300 ## - PHYSICAL DESCRIPTION
Number of Pages xxiii, 813p.: ill.; 25cm
500 ## - GENERAL NOTE
General note TABLE OF CONTENTS:
700 ## - ADDED ENTRY--PERSONAL NAME
Personal name Gordon, Lewis
942 ## - ADDED ENTRY ELEMENTS (KOHA)
Koha item type Books
Holdings
Withdrawn status Lost status Damaged status Not for loan Collection code Permanent Location Current Location Shelving location Date acquired Source of acquisition Full call number Accession Number Price effective from Koha item type
        Non-fiction IFM Main Campus Library IFM Main Campus Library Work Room processing 10/27/2025 Purchase 657 SAN 0000030293 10/27/2025 Books
        Non-fiction IFM Main Campus Library IFM Main Campus Library Work Room processing 10/27/2025 Purchase 657 SAN 0000030292 10/27/2025 Books
        Non-fiction IFM Main Campus Library IFM Main Campus Library Work Room processing 10/27/2025 Purchase 657 SAN 0000030291 10/27/2025 Books